[Event "Ljubljana-chT 75th"]
[Site "Ljubljana"]
[Date "2023.02.23"]
[Round "5.2"]
[White "Medvesek, Janez"]
[Black "Kampus, Andrej"]
[Result "0-1"]
[WhiteElo "1825"]
[BlackElo "1644"]
[PlyCount "53"]
[EventDate "2023.01.12"]
[EventType "team-swiss"]
[EventRounds "9"]
[EventCountry "SLO"]
[SourceTitle "EXT 2024"]
[Source "ChessBase"]
[SourceDate "2023.10.10"]
[SourceVersion "1"]
[SourceVersionDate "2023.10.10"]
[SourceQuality "1"]
[WhiteTeam "Zagorje ob Savi"]
[BlackTeam "Dol"]
[WhiteTeamCountry "SLO"]
[BlackTeamCountry "SLO"]

1. d4 d5 2. c4 e6 3. Nc3 c5 4. cxd5 exd5 5. Nf3 Nc6 6. g3 Nf6 7. Bg2 cxd4 8. Nxd4 Bc5 9. Nb3 Bb6 10. Nxd5 Be6 11. e4 Bg4 12. Nxf6+ Qxf6 13. f3 Ne5 14. Nd2 Nd3+ 15. Ke2 Qd4 16. Qg1 Qxg1 17. Rxg1 Bxg1 18. Kxd3 Bd7 19. a4 0-0 20. Nf1 Rfd8 21. Kc2 Rac8+ 22. Kb1 Be6 23. Ra3 Bc4 24. Rc3 Bd3+ 25. Ka2 Rxc3 26. bxc3 Bxf1 27. Bxf1 0-1

[Event "Ljubljana-chT 75th"]
[Site "Ljubljana"]
[Date "2023.02.16"]
[Round "4.2"]
[White "Kampus, Andrej"]
[Black "Konvalinka, Kostja"]
[Result "1-0"]
[WhiteElo "1644"]
[BlackElo "1686"]
[PlyCount "65"]
[EventDate "2023.01.12"]
[EventType "team-swiss"]
[EventRounds "9"]
[EventCountry "SLO"]
[SourceTitle "EXT 2024"]
[Source "ChessBase"]
[SourceDate "2023.10.10"]
[SourceVersion "1"]
[SourceVersionDate "2023.10.10"]
[SourceQuality "1"]
[WhiteTeam "Dol"]
[BlackTeam "Trzin Pekos Pub"]
[WhiteTeamCountry "SLO"]
[BlackTeamCountry "SLO"]

1. e4 c5 2. Nc3 d6 3. g3 Nc6 4. Bg2 Nf6 5. d3 e6 6. f4 e5 7. Nf3 Be7 8. 0-0 0-0 9. f5 d5 10. Qe2 dxe4 11. dxe4 Nd4 12. Nxd4 Qxd4+ 13. Be3 Qd8 14. g4 h6 15. Rad1 Qa5 16. h4 b6 17. Qf3 Ba6 18. Rf2 Rad8 19. Rxd8 Rxd8 20. g5 hxg5 21. hxg5 Nh7 22. f6 Nxf6 23. gxf6 Bxf6 24. Nd5 Rd6 25. Bd2 Qxa2 26. Qg4 Bd8 27. Qh5 Bf6 28. Nxf6+ Rxf6 29. Rxf6 gxf6 30. Bh6 Qb1+ 31. Kh2 Kh7 32. Bf8+ Kg8 33. Qh6 1-0